Đánh giá tác động của phân xỉ thép đến đặc tính lý, hóa đất, môi trường và sinh trưởng của cây lúa trên vùng đất phèn xã Bình Sơn, hòn đất tỉnh Kiên Giang : Luận văn tốt nghiệp cao học. Ngành Quản lý Đất đai

Đáng gia tác động của phân xỉ thép đến đặc tính của đất, sinh truởng và năng suất lúa trên vùng đất phèn tại xã Bình Sơn, huyện Hòn Đất, tỉnh Kiên Giang.

Spremljeno u:
Bibliografski detalji
Glavni autor: Nguyễn, Tấn Kiệt
Format: Knjiga
Jezik:Undetermined
Izdano: Cần Thơ Trường Đại học Cần Thơ 2013
Teme:
Oznake: Dodaj oznaku
Bez oznaka, Budi prvi tko označuje ovaj zapis!
Thư viện lưu trữ: Trung tâm Học liệu Trường Đại học Cần Thơ
LEADER 01221nam a2200217Ia 4500
001 CTU_185030
008 210402s9999 xx 000 0 und d
082 |a 631.4 
082 |b K308 
088 |a 60620110 
100 |a Nguyễn, Tấn Kiệt 
245 0 |a Đánh giá tác động của phân xỉ thép đến đặc tính lý, hóa đất, môi trường và sinh trưởng của cây lúa trên vùng đất phèn xã Bình Sơn, hòn đất tỉnh Kiên Giang : 
245 0 |b Luận văn tốt nghiệp cao học. Ngành Quản lý Đất đai 
245 0 |c Nguyễn Tấn Kiệt ; Lê Việt Dũng (cán bộ hướng dẫn) 
260 |a Cần Thơ 
260 |b Trường Đại học Cần Thơ 
260 |c 2013 
520 |a Đáng gia tác động của phân xỉ thép đến đặc tính của đất, sinh truởng và năng suất lúa trên vùng đất phèn tại xã Bình Sơn, huyện Hòn Đất, tỉnh Kiên Giang. 
650 |a Xỉ thép,Lúa,Đất phèn,Steel slag,Rice,Acid soils 
904 |i Trúc 
980 |a Trung tâm Học liệu Trường Đại học Cần Thơ